00583 2200217 4500001002100000005001500021035002000036007000300056008004100059020002200100082001000122084001600132100002200148245005700170250001000227260003700237300003300274650003600307990001100343990001100354INLIS00000000000371020190711023249 a0010-0719000128ta190711 g 0 ind  a978-602-6559-45-6 a745.5 a745.5 NOV k0 aNOVIDEWI, Ayusari1 aKeterampilan Kreasi Bunga Kertas /cNovidewi Ayusari acet.1 aYogyakarta :bIndopublika,c2017 aiv, 111 hlm :bilus ;c23 cm 4aSENI DEKORASI. KERAJINAN TANGAN a6868 a a6868 b